00360nam a22000977a 4500020001800000082001600018100004500034245010500079260006000184300001800244 a9780143469490 a320.1 MUK/B aMukherjea, Saurabh and Rajhansa, Nandita aBehold the leviathan:bthe unusual rise of modern India/cby Saurabh Mukherjea and Nandita Rajhansa a. - Haryana b: Penguin Random House India Ltd.c, 2024 axxv+215 pages